000 00495nam a2200205Ia 4500
005 20240823024549.0
008 240823s9999||||xx |||||||||||||| ||und||
020 _a978-81-318-0781-1
041 _aENGLISH
082 _A624.1071 P9
100 _aVaidyanathan R
245 0 _aStructural Analysis
250 _a3rd
260 _c2009
_bLaxmi Publication (P
_aNew Delhi
500 _aYES
650 _aStructural Analysis
_bCivil
700 _a Perumal P
942 _cBK
999 _c184214
_d184214